Movies Quiz

Random Movies or Role Quiz

Movie Bioclicks Quiz Stats

 Plays Quiz Updated Dec 21, 2015

Support Sporcle.
Go Orange.
Score 0/40 Timer 08:00
1 Play Today
% Correct
Muhammad Ali
92.5%
Malcolm X
90.7%
Nelson Mandela
90.4%
Johnny Cash
87.8%
Mahatma Gandhi
87.2%
Ray Charles
86.2%
Mark Zuckerberg
85.6%
Abraham Lincoln
85.5%
Queen Elizabeth II
84.3%
Howard Hughes
83.5%
Eva Perón
81.8%
Margaret Thatcher
81.4%
Cleopatra
80.7%
Idi Amin
80.3%
Stephen Hawking
78%
Andy Kaufman
77.5%
Spartacus
76.4%
Charlie Chaplin
75.8%
Al Capone
75.3%
Che Guevara
75.2%
% Correct
Jim Morrison
72.7%
Babe Ruth
71%
Marilyn Monroe
69.6%
Loretta Lynn
66.2%
William Shakespeare
66%
Richard Nixon
65.2%
Amelia Earhart
64.9%
Marie Antoinette
64.9%
George W. Bush
64%
Jesse James
63.8%
Billy the Kid
60.9%
Jackson Pollock
60%
J.M. Barrie
58%
Joan Jett
57.7%
Sid Vicious
56.5%
Virginia Woolf
56.5%
Edith Piaf
54.7%
Beatrix Potter
52%
Coco Chanel
47.2%
Jane Austen
46.7%

From the Vault

'Game of Thrones' Themed Trivia

by tim_parr

When you play the game of thrones...you lose on the audio round.
Remove Ads.
Support Sporcle.
Get the best of Sporcle when you Go Orange. This ad-free experience offers more features, more stats, and more fun while also helping to support Sporcle. Thank you for becoming a member.

Show Comments

Extras

Top Quizzes Today


Score Distribution

Your Account Isn't Verified!

In order to create a playlist on Sporcle, you need to verify the email address you used during registration. Go to your Sporcle Settings to finish the process.

Report this User

Report this user for behavior that violates our Community Guidelines.

Details: